The History of American Methodism /

Bibliographic Details
Other Authors: Bucke, Emory Stevens
Format: Book
Language:English
Published: New York : Abingdon Press, [1964]
Subjects:

MARC

Tag First Indicator Second Indicator Subfields
LEADER 00000cam a2200000 4500
001 in00000056485
005 20151007082005.0
008 720823s1964 nyua b 00000 eng
010 |a  64010013  
035 |a (OCoLC)00388258 
035 |9 AAF7207AM 
040 |a DLC  |c WSU  |d OCL  |d TXA  |d UtOrBLW 
049 |a TXAM  |v 1 [411228]  |v 2 [411229]  |v 3 [411230] 
050 0 |a BX8235  |b .H5 
092 |a 287.6  |b H673b 
245 0 4 |a The History of American Methodism /  |c Editorial Board: Emory Stevens Bucke, general editor [and others]. 
264 1 |a New York :  |b Abingdon Press,  |c [1964] 
300 |a 3 volumes :  |b illustrations, portraits, facsimiles ;  |c 24 cm. 
336 |a text  |b txt  |2 rdacontent 
337 |a unmediated  |b n  |2 rdamedia 
338 |a volume  |b nc  |2 rdacarrier 
500 |a Issued in a case. 
504 |a Includes bibliographies. 
610 2 0 |a Methodist Church (U.S.)  |x History. 
650 0 |a Methodism  |x History. 
700 1 |a Bucke, Emory Stevens. 
740 0 |a American Methodism. 
999 |a MARS 
999 f f |s 3cfc366b-9fae-31fc-8100-5bd0b96322c9  |i 6beeb24e-b777-3306-9554-bf2f42c48090  |t 0 
952 f f |p ric  |a Texas A&M University  |b Rellis Campus  |c Joint Library Facility  |d Remote Storage  |t 0  |e BX8235 H5  |h Library of Congress classification  |i unmediated -- volume  |k v.1  |m A14819870029 
952 f f |p ric  |a Texas A&M University  |b Rellis Campus  |c Joint Library Facility  |d Remote Storage  |t 0  |e BX8235 H5  |h Library of Congress classification  |i unmediated -- volume  |k v.2  |m A14800625506 
952 f f |p ric  |a Texas A&M University  |b Rellis Campus  |c Joint Library Facility  |d Remote Storage  |t 0  |e BX8235 H5  |h Library of Congress classification  |i unmediated -- volume  |k v.3  |m A14800625514 
952 f f |p noncirc  |a Texas A&M University  |b J.J. Pickle Campus  |c High Density Repository  |d Remote Storage  |t 0  |e  BX8235 .H5  |h Library of Congress classification  |i unmediated -- volume  |k v.2  |m A1485334399G 
952 f f |p noncirc  |a Texas A&M University  |b J.J. Pickle Campus  |c High Density Repository  |d Remote Storage  |t 0  |e  BX8235 .H5  |h Library of Congress classification  |i unmediated -- volume  |k v.1  |m A1485334398F 
952 f f |p noncirc  |a Texas A&M University  |b J.J. Pickle Campus  |c High Density Repository  |d Remote Storage  |t 0  |e  BX8235 .H5  |h Library of Congress classification  |i unmediated -- volume  |k v.3  |m A14853344010 
998 f f |a BX8235 H5  |s v.1-v.3  |t 0  |l Remote Storage 
998 f f |a  BX8235 .H5  |s v.1-v.3  |t 0  |l Remote Storage